Flow Cytometry Protocols (Record no. 756782)
[ view plain ]
| 000 -LEADER | |
|---|---|
| fixed length control field | 00359 a2200145 4500 |
| 020 ## - INTERNATIONAL STANDARD BOOK NUMBER | |
| ISBN | 9781071637371 |
| 084 ## - OTHER CLASSIFICATION NUMBER | |
| Source of Number | CC |
| Classification number | E9G11 |
| 100 ## - MAIN ENTRY--AUTHOR NAME | |
| Personal name | HAWLEY ,Teresa S & HAWLEY, Robert G, Ed. |
| 245 ## - TITLE STATEMENT | |
| Title | Flow Cytometry Protocols |
| 250 ## - EDITION STATEMENT | |
| Edition statement | Ed.5 |
| 260 ## - PUBLICATION, DISTRIBUTION, ETC. (IMPRINT) | |
| Name of publisher | Humana Press, |
| Year of publication | 2024, |
| Place of publication | USA. |
| 300 ## - PHYSICAL DESCRIPTION | |
| Number of Pages | 458 p. |
| 942 ## - ADDED ENTRY ELEMENTS (KOHA) | |
| Koha item type | Book |
| Source of classification or shelving scheme | Colon Classification |
| Withdrawn status | Lost status | Source of classification or shelving scheme | Damaged status | Not for loan | Home Library | Current Location | Shelving location | Date acquired | Source of acquisition | Cost, normal purchase price | Full call number | Accession Number | Cost, replacement price | Price effective from | Koha item type |
|---|---|---|---|---|---|---|---|---|---|---|---|---|---|---|---|
| Colon Classification | Kerala University Library | Kerala University Library | General Stacks | 27/02/2026 | 2 | 18857.54 | E9G11 R4 | 326488 | 23571.93 | 27/02/2026 | General |
